000 00244nam a2200097Ia 4500
008 120527s9999 xx 000 0 und d
100 _afrank,Marshal.p
245 _aPost graduate nephology.
260 _bWilliam Heineman&med bk Ltd
942 _cBK
999 _c20526
_d20526